000 00340nam a2200121 4500
999 _c19970
_d19970
005 20190710154853.0
008 190710b ||||| |||| 00| 0 eng d
040 _cLIRC
100 _aMendiratta, Veena B.
245 _aWhat can we learn from software failure data ? (lecture)
260 _aNeemrana
_bNIIT University
_c2011
942 _2ddc
_cCD